[Event "French Rapid op"]
[Site "Saint Maur des Fosses"]
[Date "2024.06.15"]
[Round "4"]
[White "Bellahcene, Bilel"]
[Black "Zienkiewicz, Alexandre"]
[Result "1/2-1/2"]
[WhiteElo "2544"]
[BlackElo "2018"]
[PlyCount "172"]
[EventDate "2024.06.15"]
[EventType "swiss (rapid)"]
[EventRounds "9"]
[EventCountry "FRA"]
[SourceTitle "CBM 220 Extra"]
[Source "ChessBase"]
[SourceDate "2024.07.31"]
[SourceVersion "1"]
[SourceVersionDate "2024.07.31"]
[SourceQuality "1"]

1. e4 e5 2. Nf3 Nc6 3. Bb5 a6 4. Ba4 Nf6 5. 0-0 Be7 6. d3 b5 7. Bb3 d6 8. a3 0-0 9. Nc3 Na5 10. Ba2 c5 11. b4 Nc6 12. Nd5 Be6 13. c3 c4 14. dxc4 Nxe4 15. cxb5 axb5 16. Qd3 Bf5 17. Qxb5 Rc8 18. Re1 Bg6 19. Be3 Kh8 20. Rac1 f5 21. Bb1 Ng5 22. Nxg5 Bxg5 23. f4 Bh6 24. g3 Ne7 25. Nxe7 Qxe7 26. Qd3 Ra8 27. c4 exf4 28. Bxf4 Qa7+ 29. Re3 Bxf4 30. gxf4 Rfe8 31. Rce1 Re4 32. Qe2 Rxf4 33. h3 Re8 34. Kh2 Rxe3 35. Qxe3 Qxe3 36. Rxe3 Rxc4 37. Bxf5 Bf7 38. b5 g6 39. Bd7 Rc2+ 40. Kg3 Rb2 41. a4 Kg7 42. a5 Ra2 43. a6 Bc4 44. Kf4 Kf6 45. Ke4 Ra5 46. b6 Rxa6 47. Kd4 Bf7 48. b7 Rb6 49. Bc6 Rb4+ 50. Kc3 Rb6 51. Kd2 Rb2+ 52. Ke1 Rb1+ 53. Kf2 Rb2+ 54. Re2 Rb6 55. Re3 Rb2+ 56. Kg3 d5 57. Ra3 d4 58. Ra8 Rb3+ 59. Kf2 Rb2+ 60. Ke1 d3 61. Rd8 Ke7 62. Rxd3 Be6 63. h4 h6 64. Bf3 g5 65. h5 g4 66. Be4 Rb4 67. Kf2 Rb2+ 68. Kg3 Rb4 69. Rc3 Kd6 70. Rc8 Rxb7 71. Rh8 Rb3+ 72. Kf4 Rb4 73. Rxh6 Ke7 74. Ke5 Rb5+ 75. Kd4 Rb4+ 76. Kd3 Rb3+ 77. Kd2 g3 78. Rg6 Bf7 79. Rg5 Kf6 80. Rf5+ Ke7 81. h6 Bg6 82. Rf4 Bxe4 83. Rxe4+ Kf6 84. Rg4 Rb8 85. Ke3 Rh8 86. Kf4 Rxh6 1/2-1/2

[Event "French Rapid op"]
[Site "Saint Maur des Fosses"]
[Date "2024.06.15"]
[Round "8"]
[White "Zienkiewicz, Alexandre"]
[Black "Velten, Paul"]
[Result "0-1"]
[WhiteElo "2018"]
[BlackElo "2504"]
[PlyCount "102"]
[EventDate "2024.06.15"]
[EventType "swiss (rapid)"]
[EventRounds "9"]
[EventCountry "FRA"]
[SourceTitle "CBM 220 Extra"]
[Source "ChessBase"]
[SourceDate "2024.07.31"]
[SourceVersion "1"]
[SourceVersionDate "2024.07.31"]
[SourceQuality "1"]

1. e4 c6 2. d4 d5 3. e5 Bf5 4. Nc3 e6 5. g4 Bg6 6. Nge2 Ne7 7. Ng3 c5 8. f4 cxd4 9. Nb5 f5 10. Nd6+ Kd7 11. gxf5 Nxf5 12. Ndxf5 Bxf5 13. Nxf5 exf5 14. Qxd4 Qh4+ 15. Kd1 Nc6 16. Qd3 g6 17. Be2 Kc7 18. Qg3 Qe7 19. Be3 Rd8 20. a3 Kb8 21. h4 d4 22. Bd2 Qe6 23. Qf3 Ne7 24. Bd3 Nd5 25. h5 Bc5 26. hxg6 hxg6 27. Ke2 g5 28. Rxh8 Rxh8 29. Rh1 Rf8 30. Rh7 gxf4 31. Bc4 Rd8 32. Bxd5 Rxd5 33. Bxf4 d3+ 34. cxd3 Bd4 35. Kf1 a6 36. b4 Bxe5 37. Rh8+ Kc7 38. Rh7+ Kc8 39. Rh6 Qd7 40. Bxe5 Rxe5 41. Rh8+ Kc7 42. Qg3 f4 43. Qxf4 Qxd3+ 44. Kg2 Qe2+ 45. Kh1 Kc6 46. Rh6+ Kb5 47. a4+ Kxa4 48. b5+ Re4 49. Qf7 Qd1+ 50. Kg2 Re2+ 51. Kg3 Qg1+ 0-1

[Event "Nancy Rapid op 22nd"]
[Site "Meurthe et Moselle"]
[Date "2024.02.18"]
[Round "5"]
[White "Zienkiewicz, Alexandre"]
[Black "Bournel, Antoine"]
[Result "0-1"]
[WhiteElo "2003"]
[BlackElo "2332"]
[PlyCount "56"]
[EventDate "2024.02.18"]
[EventType "swiss (rapid)"]
[EventRounds "9"]
[EventCountry "FRA"]
[SourceTitle "CBM 218 Extra"]
[Source "ChessBase"]
[SourceDate "2024.03.31"]
[SourceVersion "1"]
[SourceVersionDate "2024.03.31"]
[SourceQuality "1"]

1. e4 c6 2. d4 d5 3. e5 Bf5 4. h4 h5 5. c4 e6 6. Nc3 dxc4 7. Bxc4 Nd7 8. Nge2 Be7 9. Ng3 Bg6 10. Nce4 Nh6 11. Bg5 Qa5+ 12. Kf1 Bxe4 13. Nxe4 Nb6 14. Be2 Nf5 15. Bxe7 Kxe7 16. Rh3 Rad8 17. Rd3 Nd5 18. g3 Nb4 19. Rd2 Qd5 20. Bf3 Nxd4 21. Qa4 Qc4+ 22. Be2 Nxe2 23. Rxe2 Qb5 24. Qxa7 Nc2 25. Nc3 Qc4 26. Qxb7+ Rd7 27. Qb3 Qxb3 28. axb3 Nxa1 0-1

[Event "FRA-ch Blitz"]
[Site "Asnieres sur Seine"]
[Date "2023.06.24"]
[Round "2"]
[White "Moussard, Jules"]
[Black "Zienkiewicz, Alexandre"]
[Result "1-0"]
[WhiteElo "2655"]
[BlackElo "2003"]
[PlyCount "63"]
[EventDate "2023.06.24"]
[EventType "swiss (blitz)"]
[EventRounds "13"]
[EventCountry "FRA"]
[SourceTitle "CBM 214 Extra"]
[Source "ChessBase"]
[SourceDate "2023.07.31"]
[SourceVersion "1"]
[SourceVersionDate "2023.07.31"]
[SourceQuality "1"]

1. d4 g6 2. e4 Bg7 3. Nc3 d6 4. Be3 a6 5. h4 h6 6. Qd2 b5 7. 0-0-0 Nd7 8. f3 Nb6 9. a3 c6 10. Qf2 Nc4 11. Bxc4 bxc4 12. h5 g5 13. f4 Nf6 14. e5 Ng4 15. Qf3 Nxe3 16. Qxe3 d5 17. Nf3 gxf4 18. Qxf4 Be6 19. Na4 Qa5 20. Nc5 c3 21. Rd3 cxb2+ 22. Kxb2 Rb8+ 23. Rb3 Rxb3+ 24. cxb3 Qb5 25. Re1 0-0 26. g4 Bc8 27. g5 hxg5 28. Qxg5 f6 29. exf6 Rxf6 30. Rxe7 Rf7 31. Re8+ Rf8 32. h6 1-0

[Event "Europe Echecs Blitz May op"]
[Site "Europe Echecs INT"]
[Date "2021.05.09"]
[Round "7"]
[White "Zienkiewicz, Alexandre"]
[Black "Belkhodja, Slim"]
[Result "0-1"]
[WhiteElo "2028"]
[BlackElo "2366"]
[PlyCount "84"]
[EventDate "2021.05.09"]
[EventType "swiss (blitz)"]
[EventRounds "11"]
[EventCountry "FRA"]
[SourceTitle "CBM 202 Extra"]
[Source "ChessBase"]
[SourceDate "2021.07.31"]
[SourceVersion "1"]
[SourceVersionDate "2021.07.31"]
[SourceQuality "1"]

1. d4 d6 2. c4 e5 3. Nf3 e4 4. Nfd2 f5 5. Nc3 Nf6 6. e3 g6 7. Be2 Bg7 8. 0-0 0-0 9. f3 exf3 10. Nxf3 Re8 11. Bd3 c5 12. Qc2 Nc6 13. a3 cxd4 14. exd4 Ng4 15. d5 Nd4 16. Qd1 Nxf3+ 17. Qxf3 Bd4+ 18. Kh1 Ne5 19. Qd1 Nxd3 20. Qxd3 Bg7 21. Be3 Bd7 22. Bd4 h5 23. Rae1 Qg5 24. Bxg7 Kxg7 25. Ne2 Re5 26. Nd4 Qf6 27. Nf3 Ree8 28. b4 g5 29. c5 f4 30. Nd4 Re5 31. c6 bxc6 32. dxc6 Bc8 33. Nf3 Bf5 34. Qa6 Rxe1 35. Rxe1 Kg6 36. Qb7 Rf8 37. c7 g4 38. Nd2 Qc3 39. Rd1 Re8 40. c8Q Qxc8 41. Qd5 Qe6 42. Qb7 Qe1+ 0-1

[Event "Europe Echecs Blitz May op"]
[Site "Europe Echecs INT"]
[Date "2021.05.09"]
[Round "3"]
[White "Zienkiewicz, Alexandre"]
[Black "Marsac, Hugo"]
[Result "1-0"]
[WhiteElo "2028"]
[BlackElo "1658"]
[PlyCount "81"]
[EventDate "2021.05.09"]
[EventType "swiss (blitz)"]
[EventRounds "11"]
[EventCountry "FRA"]
[SourceTitle "CBM 202 Extra"]
[Source "ChessBase"]
[SourceDate "2021.07.31"]
[SourceVersion "1"]
[SourceVersionDate "2021.07.31"]
[SourceQuality "1"]

1. d4 Nf6 2. Nf3 e6 3. c4 d5 4. Nc3 c5 5. cxd5 Nxd5 6. g3 cxd4 7. Nxd4 Nxc3 8. bxc3 Be7 9. Bg2 0-0 10. 0-0 a6 11. Qc2 Qc7 12. Be3 Nd7 13. Nb3 Nf6 14. c4 Bd7 15. Rfd1 Bc6 16. Bf4 e5 17. Be3 Bxg2 18. Kxg2 Rfd8 19. f3 Nd5 20. Bf2 Nb4 21. Qe4 Bf6 22. c5 Qc6 23. Qxc6 Nxc6 24. Rd6 e4 25. Rad1 exf3+ 26. exf3 Kf8 27. f4 Rac8 28. g4 Rxd6 29. cxd6 Nb4 30. Rd2 Rc2 31. Bc5 Ke8 32. Bxb4 Rxd2+ 33. Nxd2 Kd7 34. Kf3 b6 35. a4 b5 36. axb5 axb5 37. Ke4 g6 38. Nb3 Bb2 39. Nc5+ Kc6 40. Nd3 Ba1 41. Ne5+ 1-0

[Event "Cappelle Online Blitz op"]
[Site "Europe Echecs INT"]
[Date "2021.03.07"]
[Round "11"]
[White "Belenkaya, Dina"]
[Black "Zienkiewicz, Alexandre"]
[Result "1-0"]
[WhiteElo "2293"]
[BlackElo "2028"]
[PlyCount "75"]
[EventDate "2021.03.07"]
[EventType "swiss (blitz)"]
[EventRounds "11"]
[EventCountry "FRA"]
[SourceTitle "CBM 201 Extra"]
[Source "ChessBase"]
[SourceDate "2021.05.31"]
[SourceVersion "1"]
[SourceVersionDate "2021.05.31"]
[SourceQuality "1"]

1. e4 g6 2. d4 Bg7 3. Nc3 d6 4. Nf3 a6 5. a4 b6 6. Bc4 e6 7. 0-0 h6 8. b4 Ne7 9. Ne2 Bb7 10. Ng3 0-0 11. Bb2 d5 12. Bd3 c5 13. bxc5 bxc5 14. c4 dxe4 15. Bxe4 Bxe4 16. Nxe4 cxd4 17. Bxd4 Nbc6 18. Bxg7 Kxg7 19. Nd6 Nf5 20. c5 Qf6 21. Rb1 Rab8 22. Qc2 Ncd4 23. Nxf5+ gxf5 24. Nxd4 Qxd4 25. c6 Rbc8 26. c7 Qe5 27. Rfc1 Rfe8 28. Qc6 Re7 29. Rb7 Qd4 30. h3 Qd7 31. Qxa6 f4 32. Qc6 Qd2 33. Qc3+ Qxc3 34. Rxc3 Kf8 35. a5 Ke8 36. a6 Kd7 37. a7 Ra8 38. c8Q+ 1-0

[Event "Cappelle Online Blitz op"]
[Site "Europe Echecs INT"]
[Date "2021.03.07"]
[Round "8"]
[White "Efimov, Igor"]
[Black "Zienkiewicz, Alexandre"]
[Result "1-0"]
[WhiteElo "2416"]
[BlackElo "2028"]
[PlyCount "59"]
[EventDate "2021.03.07"]
[EventType "swiss (blitz)"]
[EventRounds "11"]
[EventCountry "FRA"]
[SourceTitle "CBM 201 Extra"]
[Source "ChessBase"]
[SourceDate "2021.05.31"]
[SourceVersion "1"]
[SourceVersionDate "2021.05.31"]
[SourceQuality "1"]

1. d4 g6 2. Nf3 Bg7 3. g3 d6 4. Bg2 Nd7 5. 0-0 Ngf6 6. b3 0-0 7. Bb2 c6 8. a4 Qc7 9. Nbd2 Re8 10. e3 Rb8 11. Nc4 b5 12. axb5 cxb5 13. Na5 Nb6 14. Nd2 d5 15. Ba3 Be6 16. Bc5 Nfd7 17. b4 Nxc5 18. bxc5 Nc4 19. Ndxc4 bxc4 20. e4 Red8 21. c3 f5 22. exd5 Bxd5 23. Bxd5+ Rxd5 24. Nxc4 e5 25. Qf3 e4 26. Qe2 Re8 27. Nd6 Re6 28. Qa2 Qc6 29. Qxa7 Bf8 30. Qf7+ 1-0

[Event "Cappelle Online Blitz op"]
[Site "Europe Echecs INT"]
[Date "2021.03.07"]
[Round "2"]
[White "Javanbakht, Nima"]
[Black "Zienkiewicz, Alexandre"]
[Result "1-0"]
[WhiteElo "2472"]
[BlackElo "2028"]
[PlyCount "73"]
[EventDate "2021.03.07"]
[EventType "swiss (blitz)"]
[EventRounds "11"]
[EventCountry "FRA"]
[SourceTitle "CBM 201 Extra"]
[Source "ChessBase"]
[SourceDate "2021.05.31"]
[SourceVersion "1"]
[SourceVersionDate "2021.05.31"]
[SourceQuality "1"]

1. d4 g6 2. c4 Bg7 3. e4 d6 4. Nc3 Nc6 5. Be3 e5 6. d5 Nce7 7. g4 f5 8. gxf5 gxf5 9. Qh5+ Kf8 10. Bh3 Nf6 11. Qe2 f4 12. Bd2 c6 13. 0-0-0 cxd5 14. cxd5 b5 15. Qxb5 Qc7 16. Kb1 Rb8 17. Qd3 Ng4 18. Bxg4 Bxg4 19. Nf3 Bf6 20. Rdg1 Bd7 21. Ng5 Bxg5 22. Rxg5 Qb6 23. Bc1 Qxf2 24. Rf1 Qxh2 25. Qa6 Nc8 26. Qc4 Rb7 27. Rfg1 Qh6 28. Rg7 Qxg7 29. Rxg7 Kxg7 30. Ne2 h5 31. Nxf4 exf4 32. Bxf4 Kf7 33. e5 dxe5 34. Bxe5 Rh6 35. Qf4+ Kg6 36. Qf6+ Kh7 37. Qg7# 1-0

[Event "Cappelle Online Blitz op"]
[Site "Europe Echecs INT"]
[Date "2021.03.07"]
[Round "1"]
[White "Zienkiewicz, Alexandre"]
[Black "Wolfangel, Jocelyne"]
[Result "1-0"]
[WhiteElo "2028"]
[BlackElo "1188"]
[PlyCount "57"]
[EventDate "2021.03.07"]
[EventType "swiss (blitz)"]
[EventRounds "11"]
[EventCountry "FRA"]
[SourceTitle "CBM 201 Extra"]
[Source "ChessBase"]
[SourceDate "2021.05.31"]
[SourceVersion "1"]
[SourceVersionDate "2021.05.31"]
[SourceQuality "1"]

1. d4 d5 2. c4 e6 3. Nf3 Nf6 4. Nc3 c6 5. cxd5 cxd5 6. Bf4 Bd6 7. e3 Bxf4 8. exf4 Nbd7 9. Bd3 Qa5 10. 0-0 Qb6 11. Qe2 a6 12. Rad1 0-0 13. Ne5 Re8 14. g4 Nxe5 15. fxe5 Nd7 16. Bb1 Qc7 17. Qd3 g6 18. Rc1 Qd8 19. Qg3 b5 20. f4 Qb6 21. Ne2 Bb7 22. Kg2 Rac8 23. f5 exf5 24. gxf5 Nf8 25. Rxc8 Bxc8 26. h4 Bxf5 27. Bxf5 Rc8 28. h5 Rc2 29. Bxc2 1-0

[Event "Ville d'Orsay online Blitz"]
[Site "Europe Echecs INT"]
[Date "2021.02.07"]
[Round "9"]
[White "Ozenir, Ekin Baris"]
[Black "Zienkiewicz, Alexandre"]
[Result "0-1"]
[WhiteElo "2309"]
[BlackElo "2028"]
[PlyCount "134"]
[EventDate "2021.02.07"]
[EventType "swiss (blitz)"]
[EventRounds "11"]
[EventCountry "FRA"]
[SourceTitle "CBM 200 Extra"]
[Source "ChessBase"]
[SourceDate "2021.03.31"]
[SourceVersion "1"]
[SourceVersionDate "2021.03.31"]
[SourceQuality "1"]

1. d4 g6 2. e4 Bg7 3. Nf3 d6 4. c3 Nd7 5. Bd3 e5 6. 0-0 Ngf6 7. Be3 0-0 8. Nbd2 c6 9. Qc2 Qc7 10. Rfd1 Re8 11. a4 b6 12. h3 a6 13. b4 Bb7 14. dxe5 dxe5 15. a5 b5 16. Nb3 Bf8 17. c4 Bxb4 18. c5 Nf8 19. Rdb1 Bc8 20. Qb2 Nh5 21. Nc1 Bxa5 22. Qa3 Nf4 23. Qxa5 Qd7 24. Bf1 f5 25. exf5 Qxf5 26. Bxf4 Qxf4 27. Qd2 Qf6 28. Qe3 Bf5 29. Bd3 e4 30. Bxe4 Rxe4 31. Qg5 Qxg5 32. Nxg5 Re1+ 33. Kh2 Bxb1 34. Rxb1 Rd8 35. Nf3 Rf1 36. Ne5 Rdd1 37. Nxc6 Rxc1 38. Rb2 Rxc5 39. Nb4 a5 40. Nd3 Rd5 41. Nf4 Rf5 42. g3 g5 43. Nd3 b4 44. Kg2 Rd1 45. Rb3 Rd5 46. Nb2 R1d2 47. Nc4 Rc2 48. Nb6 Rb5 49. Na4 Ne6 50. Kf3 Ra2 51. Nc3 Nd4+ 52. Ke4 Nxb3 53. Nxa2 Nc5+ 54. Kd5 Nd3+ 55. Kc4 b3 56. Nc3 Rb8 57. Kxd3 b2 58. Kc2 a4 59. Nb1 Kf7 60. Kd3 Ke6 61. f3 a3 62. Nxa3 b1Q+ 63. Nxb1 Rxb1 64. Ke3 Kf6 65. g4 h6 66. Kf2 Rb4 67. Ke3 Ke5 0-1

[Event "Cappelle Online Blitz op 1st"]
[Site "Europe Echecs INT"]
[Date "2021.01.10"]
[Round "2"]
[White "Zienkiewicz, Alexandre"]
[Black "Urazayev, Arystanbek"]
[Result "0-1"]
[WhiteElo "2028"]
[BlackElo "2429"]
[PlyCount "82"]
[EventDate "2021.01.10"]
[EventType "swiss (blitz)"]
[EventRounds "11"]
[EventCountry "FRA"]
[SourceTitle "CBM 200 Extra"]
[Source "ChessBase"]
[SourceDate "2021.03.31"]
[SourceVersion "1"]
[SourceVersionDate "2021.03.31"]
[SourceQuality "1"]

1. e4 c5 2. Nf3 e6 3. g3 Nc6 4. d3 Nf6 5. Nbd2 d5 6. Bg2 Be7 7. 0-0 0-0 8. c3 b5 9. a4 b4 10. Re1 Rb8 11. h3 Ba6 12. c4 dxe4 13. dxe4 Qc7 14. b3 Rfd8 15. Qe2 e5 16. Bb2 Nd4 17. Nxd4 cxd4 18. Rf1 Nd7 19. f4 Bf6 20. Qg4 Nc5 21. Qe2 Bb7 22. h4 Re8 23. f5 Rbd8 24. Kh2 a5 25. Kh3 Qe7 26. Rh1 Bc6 27. Bf3 g6 28. g4 Bxh4 29. Rh2 Bg5 30. Rah1 Bf4 31. Kg2 Bxh2 32. Rxh2 Qg5 33. Kg3 Qf4+ 34. Kg2 gxf5 35. gxf5 Kh8 36. Kh1 Rg8 37. Qf2 Rg3 38. Bc1 Nd3 39. Qf1 Nxc1 40. Qxc1 Rxf3 41. Nxf3 Qxc1+ 0-1

[Event "FRA-ch Blitz Online Qual"]
[Site "Europe Echecs INT"]
[Date "2020.05.16"]
[Round "3"]
[White "Zienkiewicz, Alexandre"]
[Black "Breuil, Virgile"]
[Result "0-1"]
[WhiteElo "2049"]
[BlackElo "1622"]
[PlyCount "76"]
[EventDate "2020.05.16"]
[EventType "swiss (blitz)"]
[EventRounds "15"]
[EventCountry "FRA"]
[SourceTitle "CBM 196 Extra"]
[Source "ChessBase"]
[SourceDate "2020.07.31"]
[SourceVersion "1"]
[SourceVersionDate "2020.07.31"]
[SourceQuality "1"]

1. Nf3 d5 2. c4 dxc4 3. Na3 Nf6 4. Nxc4 Nc6 5. d3 Bf5 6. g3 e6 7. Bg2 Bc5 8. 0-0 0-0 9. a3 a5 10. Nfe5 Nxe5 11. Nxe5 Rb8 12. Bg5 Bd4 13. Bxf6 gxf6 14. Nc4 a4 15. Rb1 b5 16. Na5 Qd6 17. Nc6 Rb6 18. Qc2 Bc5 19. Rbc1 Bd4 20. Nxd4 Qxd4 21. Qxc7 Rfb8 22. Qc3 Qd8 23. Qxf6 Qxf6 24. Rc3 e5 25. Rfc1 Bd7 26. Rc5 Bf5 27. h3 Rd6 28. g4 Be6 29. Be4 Rdd8 30. Rc7 Rdc8 31. Kg2 Rxc7 32. Rxc7 Rc8 33. Rb7 Rc5 34. f3 Bd5 35. Bf5 Rc2 36. Rb8+ Kg7 37. Kf2 Qh4+ 38. Ke3 Qe1 0-1

[Event "FRA-ch Blitz Online Qual"]
[Site "Europe Echecs INT"]
[Date "2020.05.16"]
[Round "5"]
[White "Zienkiewicz, Alexandre"]
[Black "Senegas, Pascal"]
[Result "1-0"]
[WhiteElo "2049"]
[BlackElo "1654"]
[PlyCount "57"]
[EventDate "2020.05.16"]
[EventType "swiss (blitz)"]
[EventRounds "15"]
[EventCountry "FRA"]
[SourceTitle "CBM 196 Extra"]
[Source "ChessBase"]
[SourceDate "2020.07.31"]
[SourceVersion "1"]
[SourceVersionDate "2020.07.31"]
[SourceQuality "1"]

1. e4 e5 2. Nf3 Nc6 3. Bc4 Bc5 4. c3 Nf6 5. d3 h6 6. Nbd2 d6 7. 0-0 0-0 8. h3 Be6 9. Bb3 Re8 10. Re1 Ne7 11. Nf1 Ng6 12. d4 exd4 13. cxd4 Bb4 14. Bd2 Bxd2 15. N1xd2 Bxb3 16. Qxb3 b6 17. g3 c5 18. e5 dxe5 19. dxe5 Nd7 20. e6 fxe6 21. Rxe6 Kh7 22. Rae1 Rxe6 23. Rxe6 Qf8 24. Qe3 Re8 25. Rxe8 Qf7 26. Qe6 Qxe6 27. Rxe6 Nf6 28. Ne4 Nd5 29. a3 1-0

[Event "Europe Echecs online op April"]
[Site "Europe Echecs INT"]
[Date "2020.04.11"]
[Round "1"]
[White "Debray, Christopher"]
[Black "Zienkiewicz, Alexandre"]
[Result "0-1"]
[WhiteElo "2367"]
[BlackElo "2049"]
[PlyCount "114"]
[EventDate "2020.04.11"]
[EventType "swiss (blitz)"]
[EventRounds "11"]
[EventCountry "FRA"]
[SourceTitle "EXT 2021"]
[Source "ChessBase"]
[SourceDate "2020.10.23"]
[SourceVersion "1"]
[SourceVersionDate "2020.10.23"]
[SourceQuality "1"]

1. e4 d6 2. d4 Nf6 3. Nc3 e5 4. Nge2 Nbd7 5. g3 Be7 6. Bg2 c6 7. h3 h5 8. Be3 Qc7 9. Qd2 b5 10. 0-0 a6 11. f4 Bb7 12. Rad1 0-0 13. Qe1 Rfe8 14. Qf2 b4 15. Nb1 exd4 16. Nxd4 c5 17. Nf5 Nxe4 18. Qe2 g6 19. Nh6+ Kg7 20. Nxf7 Nxg3 21. Qc4 Nxf1 22. Bxf1 d5 23. Qe2 Kxf7 24. f5 Nf6 25. fxg6+ Kxg6 26. Bg2 Bd6 27. Qd3+ Ne4 28. Nd2 Qe7 29. Nxe4 dxe4 30. Qxd6+ Qxd6 31. Rxd6+ Kh7 32. Rd7+ Kg6 33. Rxb7 Rad8 34. Rb6+ Kf5 35. Rc6 Rd5 36. Rxc5 Rxc5 37. Bxc5 Rc8 38. Bxb4 Rxc2 39. Bc3 Kf4 40. Kf1 Ke3 41. Kg1 Kf4 42. Kf1 e3 43. Bb7 Rf2+ 44. Ke1 Rh2 45. Bxa6 Rxh3 46. a4 Rh1+ 47. Ke2 Rh2+ 48. Ke1 Rh1+ 49. Bf1 Kf3 50. Kd1 Rxf1+ 51. Kc2 e2 52. a5 e1Q 53. Bxe1 Rxe1 54. b4 h4 55. b5 Re5 56. a6 Rxb5 57. a7 Ra5 0-1

[Event "Nancy Meurthe blitz 17th"]
[Site "Nancy"]
[Date "2019.02.23"]
[Round "8"]
[White "Zienkiewicz, Alexandre"]
[Black "Karagyozian, Edgar"]
[Result "0-1"]
[WhiteElo "2065"]
[BlackElo "2195"]
[PlyCount "98"]
[EventDate "2019.02.24"]
[EventType "swiss (blitz)"]
[EventRounds "11"]
[EventCountry "FRA"]
[SourceTitle "CBM 189 Extra"]
[Source "ChessBase"]
[SourceDate "2019.05.31"]
[SourceVersion "1"]
[SourceVersionDate "2019.05.31"]
[SourceQuality "1"]

1. d4 d5 2. Nf3 Nf6 3. c4 e6 4. Nc3 c6 5. cxd5 exd5 6. Qc2 Bd6 7. Bg5 0-0 8. e3 Nbd7 9. Bd3 h6 10. Bh4 Re8 11. 0-0 a5 12. Rab1 Be7 13. Bg3 Nf8 14. a3 Bd6 15. Bxd6 Qxd6 16. b4 axb4 17. axb4 N8d7 18. Ra1 Rxa1 19. Rxa1 Qxb4 20. Rb1 Qd6 21. Bf5 b5 22. Na2 Nb6 23. Bd3 Nc4 24. Bxc4 dxc4 25. Nb4 Nd5 26. Na2 g6 27. Ne5 Nf6 28. Nxg6 fxg6 29. Qxg6+ Kf8 30. Qxh6+ Kf7 31. Nc3 b4 32. Ne2 b3 33. Nf4 Rg8 34. Ra1 b2 35. Ra7+ Bd7 36. Rb7 Rb8 37. Rxb8 Qxb8 38. Qg6+ Ke7 39. Qg7+ Kd8 40. Qxf6+ Kc8 41. Qf8+ Kc7 42. Ne6+ Bxe6 43. Qf4+ Kc8 44. Qf8+ Kb7 45. Qb4+ Kc7 46. Qe7+ Bd7 47. Qe5+ Kb7 48. Qe4 Ka8 49. d5 b1R+ 0-1

[Event "FRA-ch blitz 13th"]
[Site "Nancy"]
[Date "2015.02.21"]
[Round "4"]
[White "Bauer, Christian"]
[Black "Zienkiewicz, Alexandre"]
[Result "1/2-1/2"]
[WhiteElo "2651"]
[BlackElo "2062"]
[PlyCount "63"]
[EventDate "2015.02.21"]
[EventType "swiss (blitz)"]
[EventRounds "11"]
[EventCountry "FRA"]
[SourceTitle "CBM 164 Extra"]
[Source "ChessBase"]
[SourceDate "2015.03.02"]
[SourceVersion "1"]
[SourceVersionDate "2015.03.02"]
[SourceQuality "1"]

1. e4 g6 2. d4 Bg7 3. Nc3 d6 4. Be3 a6 5. Qd2 Nd7 6. h4 h5 7. Nh3 b5 8. Ng5 Bb7 9. f3 c5 10. 0-0-0 Rc8 11. Kb1 cxd4 12. Bxd4 Bxd4 13. Qxd4 Ngf6 14. g3 Qb6 15. Qd2 Ne5 16. Bh3 Rc7 17. Rhe1 Nc4 18. Qd3 b4 19. Nd5 Bxd5 20. exd5 0-0 21. Qd4 Qxd4 22. Rxd4 Rb8 23. Bf1 Rbc8 24. Bxc4 Rxc4 25. Rxc4 Rxc4 26. Rxe7 Nxd5 27. Re4 Rc5 28. Kc1 Rc4 29. Kb1 Rc5 30. Rd4 a5 31. Ne4 Rb5 32. c4 1/2-1/2

[Event "Metz op 29th"]
[Site "Metz"]
[Date "2011.05.05"]
[Round "5"]
[White "Guedon, Stephane"]
[Black "Zienkiewicz, Alexandre"]
[Result "1/2-1/2"]
[WhiteElo "2253"]
[BlackElo "2069"]
[PlyCount "60"]
[EventDate "2011.05.02"]
[EventType "swiss"]
[EventRounds "9"]
[EventCountry "FRA"]
[SourceTitle "CBM 142 Extra"]
[Source "ChessBase"]
[SourceDate "2011.06.27"]
[SourceVersion "1"]
[SourceVersionDate "2011.06.27"]
[SourceQuality "1"]

1. d4 f5 2. c4 Nf6 3. Nf3 e6 4. Qc2 d5 5. Nc3 c6 6. Bf4 Ne4 7. e3 Nd7 8. Bd3 g5 9. Be5 Nxe5 10. Nxe5 Bg7 11. 0-0-0 Bxe5 12. dxe5 Qa5 13. Kb1 Nxc3+ 14. Qxc3 Qxc3 15. bxc3 Bd7 16. Rd2 Ke7 17. Rb2 Rab8 18. Kc2 Kd8 19. a4 Kc7 20. a5 b6 21. Ra1 b5 22. cxb5 cxb5 23. Rab1 a6 24. h4 g4 25. Rb4 h5 26. Kd2 Bc6 27. Rd4 Rhg8 28. g3 Rg7 29. Rdb4 Rgg8 30. Rd4 Rg7 1/2-1/2

[Event "Metz op 29th"]
[Site "Metz"]
[Date "2011.05.03"]
[Round "3"]
[White "Zienkiewicz, Alexandre"]
[Black "Piasetski, Leon David"]
[Result "0-1"]
[WhiteElo "2069"]
[BlackElo "2301"]
[PlyCount "87"]
[EventDate "2011.05.02"]
[EventType "swiss"]
[EventRounds "9"]
[EventCountry "FRA"]
[SourceTitle "CBM 142 Extra"]
[Source "ChessBase"]
[SourceDate "2011.06.27"]
[SourceVersion "1"]
[SourceVersionDate "2011.06.27"]
[SourceQuality "1"]

1. d4 Nf6 2. Nf3 d6 3. Bf4 Bg4 4. Nbd2 Nc6 5. h3 Bh5 6. c3 e6 7. Qb3 Rb8 8. e3 Be7 9. Bd3 e5 10. Bh2 Bxf3 11. gxf3 exd4 12. cxd4 0-0 13. 0-0-0 Kh8 14. Kb1 Nh5 15. d5 Ne5 16. Bxe5 dxe5 17. Ne4 f5 18. Ng3 Nxg3 19. fxg3 Qd6 20. h4 Rf6 21. e4 f4 22. g4 Qd8 23. Qc3 Rb6 24. g5 Bd6 25. Bc2 Qe7 26. Rh2 Bc5 27. Bb3 Bd4 28. Qa5 a6 29. Rc2 Qd6 30. Rdc1 Rc8 31. Rd1 h6 32. Qe1 h5 33. Rdc1 Rb5 34. Rd1 a5 35. Rxd4 exd4 36. e5 Qg6 37. Qd2 Rb4 38. Ka1 Qf5 39. d6 Qxe5 40. d7 Rd8 41. Rc1 Qe3 42. Qc2 Rxd7 43. g6 d3 44. Qg2 0-1

[Event "Metz op 27th"]
[Site "Metz"]
[Date "2009.04.11"]
[Round "1"]
[White "Iordachescu, Viorel"]
[Black "Zienkiewicz, Alexandre"]
[Result "1-0"]
[WhiteElo "2608"]
[BlackElo "2055"]
[PlyCount "83"]
[EventDate "2009.04.11"]
[EventType "swiss"]
[EventRounds "9"]
[EventCountry "FRA"]
[SourceTitle "CBM 129 Extra"]
[Source "ChessBase"]
[SourceDate "2009.05.05"]
[SourceVersion "2"]
[SourceVersionDate "2009.05.20"]
[SourceQuality "1"]

1. d4 Nf6 2. c4 e5 3. dxe5 Ng4 4. e4 Nxe5 5. f4 Nec6 6. Be3 Bb4+ 7. Nc3 Qh4+ 8. g3 Bxc3+ 9. bxc3 Qe7 10. Bd3 d6 11. Nf3 Na6 12. 0-0 Nc5 13. Bxc5 dxc5 14. e5 Bh3 15. Re1 0-0-0 16. Qc2 Na5 17. Ng5 Be6 18. Nxe6 fxe6 19. Rad1 g6 20. Be2 Rxd1 21. Rxd1 Rd8 22. h4 Rxd1+ 23. Qxd1 Qd7 24. Qc2 a6 25. Kf2 b5 26. Qe4 Kb8 27. cxb5 axb5 28. h5 gxh5 29. Qd3 Qxd3 30. Bxd3 c4 31. Bxh7 Nb7 32. Bg6 Nc5 33. Ke3 Na4 34. Bf7 Nxc3 35. Bxe6 c6 36. f5 Kc7 37. f6 Kd8 38. Bf7 c5 39. Kf3 Nxa2 40. e6 c3 41. e7+ Kc7 42. Bg6 1-0